| 000 | 00552nam a2200193Ia 4500 | ||
|---|---|---|---|
| 999 |
_c49571 _d49571 |
||
| 001 | 52105 | ||
| 005 | 20201128111342.0 | ||
| 008 | 140503s9999 xx 000 0 und d | ||
| 020 | _a9789694025452 | ||
| 040 | _cPK-LaUMT | ||
| 082 |
_a 306.05491 _bABD-P |
||
| 100 | _aAbdul Qadeer, Mohammad | ||
| 245 |
_aPakistan : _bsocial and cultural transformations in a Muslim nation / _cby Mohammad Abdul Qadeer |
||
| 260 |
_aLahore,Pakistan : _bVanguard Books, _c2011 |
||
| 300 | _a322 p. | ||
| 546 | _aEN | ||
| 650 | _aSocial change-Pakistan | ||
| 942 | _cBK | ||